Atal Bihari Vajpayee (Record no. 41163)

MARC details
000 -LEADER
fixed length control field 00295nam a2200121Ia 4500
008 - FIXED-LENGTH DATA ELEMENTS--GENERAL INFORMATION
fixed length control field 240719s9999 xx 000 0 und d
041 ## - LANGUAGE CODE
Language code of text/sound track or separate title eng
082 ## - DEWEY DECIMAL CLASSIFICATION NUMBER
Classification number 920 GHO
100 ## - MAIN ENTRY--PERSONAL NAME
Personal name Ghose, Sagarika
245 ## - TITLE STATEMENT
Title Atal Bihari Vajpayee
260 ## - PUBLICATION, DISTRIBUTION, ETC.
Place of publication, distribution, etc. New Delhi
Name of publisher, distributor, etc. Juggernaut
Date of publication, distribution, etc. 2021
300 ## - PHYSICAL DESCRIPTION
Extent 414 P.; 24 Cm
Holdings
Withdrawn status Lost status Damaged status Not for loan Home library Current library Shelving location Date acquired Full call number Barcode Date last seen Price effective from Koha item type Public note
        IMTN IMTN Rack 43-B 04/10/2022 920 GHO 32858 07/19/2024 07/19/2024 Books Gifted
Designed & Maintained by: LRC IMT Nagpur Contact: lrc@imtnag.ac.in© 2024. All Rights Reserved.